000 00892na a2200277 4500
001 20074
003 MIRAKIL
005 20181213154957.0
008 170103b tu 000 0
020 _a0821351516
040 _aMilas
_btur
_cTR-AnCHP
041 _aeng
082 _a338.9
_bS87 2003
090 _a338.9 S87 2003
245 _aSustainable development in a dynamic world
_btransforming institutions, growth, and quality of life
_cThe World Bank
246 _atransforming institutions, growth, and quality of life
260 _aNew York
_bOxford University Press
_c2003
300 _a249 s.
_btbl.
_c27 sm.
490 _aWorld development report 2003
504 _aKaynakça var.
650 _aİşletmeler
_xBüyüme ve gelişme
650 _aEkonomik kalkınma ve büyüme
_xİşletmeler
710 _aDünya Bankası
710 _aThe World Bank
942 _2ddc
_cBKS
999 _c4227
_d4227